Quizzes
Events
Quiz Creation
Community
Videos
Private Events
Remove Ads
Sign In
Join for FREE
Feedback
Dark Mode
Quiz Categories
Sports
Geography
Music
Movies
Television
Just For Fun
Miscellaneous
History
Literature
Language
Science
Gaming
Entertainment
Religion
Holiday
For Kids
Quiz Lab
Recent
Popular Today
Quiz Kudos Today
Editor Picks
Curator Picks
Quizzes by...
Day
Popularity
Type
Ratings
Length
Year
Community
Subscriptions
Recent Discussions
Orange Saloon
Badges
Playlists
Quests
Create
Leaderboards
Showdown
Live 5
Trivia Bingo
Activity
Puzzle Library
Sporcle Events
Private Events
Virtual Trivia
Globe League
Become a Host
Pub Owners
SporcleCon
Opinionation
Our Games
Videos
Blog
Mobile Apps
Partnerships
Remove Ads and Go Orange
Feedback
Music
Pop Music
The Beatles
Song
Album
Lyrics
Bands
Singers
Artist
Clip
Rock
Rap
Classical
Billboard
Country Music
Kpop
Taylor Swift
Music
Pop Music
The Beatles
Song
Album
Lyrics
Bands
Singers
Artist
Clip
Rock
Rap
Classical
Billboard
Country Music
Kpop
Taylor Swift
Random Quiz
Search Sporcle
×
Quiz Lab
Quiz Lab
Music
Song
Type in answers that appear in a list
Type in answers that appear in a list
Classic
Best Score? Go Orange.
100 Greatest Rock Songs of the 80's Stats
Can you name the 100 Greatest Rock Songs of the 80's?
By
Silent_Explosion
10m
100 Questions
526 Plays
526 Plays
526 Plays
Comments
Comments
Give Quiz Kudos
Give Quiz Kudos
-
- Ratings
hide this ad
Replay
Link that replays current quiz
Next Quiz
Link to next quiz in quiz playlist
You Got
0%
They Got
Avg Score
35%
Avg Friend Score
Upgrade to see
Score Distribution
Jump to the score distribution portion of the page
Score
0/100
Timer
10:00
0
Plays Today
Rank
Song
% Correct
1.
Billie Jean
80%
2.
Every Breath You Take
75.7%
23.
Beat It
74.7%
6.
Like a Virgin
74%
8.
Sweet Child O' Mine
68.4%
10.
Born in the U.S.A.
68.4%
7.
Walk This Way
66.2%
24.
Jump
64.3%
42.
Purple Rain
64.1%
3.
When Doves Cry
62.4%
12.
Call Me
58.6%
56.
Back in Black
58.2%
40.
One
55.7%
15.
With or Without You
54.2%
37.
We Are the World
53.4%
19.
Tainted Love
53%
9.
Don't You Want Me?
52.5%
22.
Sweet Dreams (Are Made of This)
50.8%
50.
Jessie's Girl
49.2%
57.
Livin' On a Prayer
48.5%
51.
Physical
47.9%
25.
Whip it!
47.3%
5.
Sexual Healing
46.6%
35.
You Shook Me All Night Long
46.6%
60.
Pour Some Sugar On Me
46.6%
85.
Come on Eileen
46.4%
27.
Girls Just Wanna Have Fun
46.2%
53.
Faith
46.2%
21.
Little Red Corvette
46%
54.
1999
46%
20.
I Love Rock 'n' Roll
45.8%
39.
Fast Car
45.8%
11.
What's Love Got To Do With It?
44.9%
16.
Bette Davis Eyes
44.1%
Rank
Song
% Correct
65.
Like a Prayer
44.1%
70.
Addicted to Love
42.8%
17.
Celebration
42.2%
49.
Start Me Up
40.9%
72.
The Boys of Summer
40.3%
28.
Super Freak
39.5%
63.
Relax
39.5%
68.
Love Shack
39.5%
75.
Everybody Wants to Rule the World
38.8%
82.
Centerfold
38.6%
93.
Take On Me
38%
88.
Hungry Like the Wolf
37.8%
36.
Another One Bites the Dust
37.3%
59.
Sledgehammer
37.3%
86.
Walk Like An Egyptian
36.9%
32.
Kiss
35.9%
4.
The Message
35.4%
58.
Take My Breath Away
35.4%
29.
(You Gotta) Fight For Your Right (To Party!)
34.8%
18.
Endless Love
34.4%
44.
Papa Don't Preach
32.9%
89.
Karma Chameleon
32.5%
67.
Free Fallin'
32.1%
47.
I Still Haven't Found What I'm Looking For
31.7%
52.
Our Lips Are Sealed
31.2%
69.
That's What Friends Are For
31.2%
34.
Fame (I Want To Live Forever)
30.8%
45.
Nasty
30.2%
84.
Pride (In the Name of Love)
30.2%
94.
Careless Whisper
30%
92.
Dancing in the Dark
30%
55.
Rock the Casbah
30%
83.
I Wanna Dance With Somebody
29.8%
95.
Do You Really Want to Hurt Me?
28.9%
Rank
Song
% Correct
71.
Up Where We Belong
28.9%
13.
Love Will Tear Us Apart
27.2%
46.
I Feel For You
27%
97.
Legs
26%
74.
Sunday Bloody Sunday
24.9%
81.
(I've Had) The Time of My Life
24.3%
77.
Wishing Well
23.8%
30.
Blue Monday
23%
31.
Fight the Power
22.1%
98.
West End Girls
21.7%
26.
Flashdance... What a feeling
20.7%
100.
The Power of Love
20.5%
62.
Holiday
20.3%
91.
Greatest Love of All
19.4%
78.
Rockit
19.4%
41.
F*ck Tha Police
18.6%
33.
Upside Down
16.7%
66.
Any Way You Want It
15.2%
38.
Saving All My Love For You
12.9%
96.
I Can't Go For That (No Can Do)
11.8%
14.
Planet Rock
11%
90.
She Works Hard for the Money
10.8%
43.
Into the Groove
10.8%
64.
(Just Like) Starting Over
10.8%
80.
Radio Free Europe
9.9%
99.
Freeway of Love
8.9%
73.
Ghost Town
8.9%
76.
This Charming Man
8.2%
61.
It's Like That
4.9%
87.
Let's Get Serious
4.6%
79.
She's So Cold
3.4%
48.
Sing O' The Times
2.7%
Quiz Playlist
Details
Report
Send in Message
Add To Playlist
Classic:
Type in answers that appear in a list
Quiz Source
Last Updated: Feb 16, 2017
Quiz Scoreboard
CHALLENGE
Sign Up to Join the Scoreboard
Show All
Scores
Hide
Comments
May contain spoilers
Recently Published
Movies - When Are They Set?
by FPL_Elf
Movies
5m
Popular People in 1961
by mucciniale
History
6m
1-10 Letter E Words III
by El_Dandy
Language
2m
More to Explore
Quiz From the Vault
Featured Blog Post
Where Did the Easter Bunny Come From?
hide this ad
You Might Also Like...
Tags
Artist Quiz
Rock Quiz
Song Quiz
100
100 Greatest
greatest
Rock Songs
Today's Top Quizzes in Music
Browse Music
hide this ad
Today's Top Quizzes in Song
Browse Song
Top Contributed Quizzes in Music
1
Taylor Swift All Songs (2024)
2
2010s Album by Cover III
3
Guess the Artist- 70s Songs
4
One Thing in Common: Music
5
Taylor Swift Logic Puzzle
6
Guess the Taylor Swift song (Mystery Song)
7
2010s Album by Cover IV
8
2010s Album by Cover V
9
KPOP LOGIC QUIZ
10
Kpop Logic Quiz
Explore More
Trending Topics
Disney
Anime
Harry Potter
Kpop
NBA
Marvel
Crossword
Puzzle
Pokémon
Soccer
WWE
The Office
Song
NFL
Country
hide this ad
More By:
Silent_Explosion
Quiz
Plays
Rating
Category
Featured
Created
100 Greatest Artists (Rolling Stone vs. VH1)
108,910
4.55
Music
Jun 10, 2011
Video Game First Screens
61,448
3.77
Gaming
Jul 21, 2014
The Top 10 Teams We Love to Hate
6,267
1.25
Sports
Jun 26, 2010
Top 3 Picks in the NBA Draft, 1984-2013
4,669
4.62
Sports
Sep 10, 2013
Movie Scenes Drawn in the Style of a Children's Book
2,695
4.83
Movies
Feb 16, 2014
Go to Creator's Profile
Score Distribution
Quiz Creator Spotlight
Silent_Explosion
Follow
Send a Message
Quizzes Created
-
Created Quiz Play Count
-
More By This Creator
Popular Quizzes Today
1
Find the Countries of Europe - No Outlines Minefield
2
Find the US States - No Outlines Minefield
3
The Countries of the World
4
Popular People in 1961
5
US States
6
1-10 Letter E Words III
7
Find the US States
8
One Thing in Common: World Cities II
More Music Quizzes
Taylor Swift: All or Nothing
Quiz Lab
Trending Quizzes
Risky Map Clicking: Least Populous States A-Z
1-10 Letter F Words
1-10 Letter G Words
One Thing in Common: United Kingdom
Risky Map Clicking: Next State Alphabetically
Recently Updated
Leaping Animals
pecheneg
Reality TV Shows (A-Z)
bhenderson79
Rickey Henderson's Hall of Fame Teammates
pecheneg
Champions League XIs: Arsenal
pecheneg
Quick Pick: Celebrities in WWE's Hall of Fame
aduchscher
A-Z Keypad Blitz II
pecheneg
Multiple Oscar Actors
pecheneg
Mystery Phrase Blitz: Oscar 'Best Actors'
pecheneg
F. Scott Fitzgerald Novels
LTH
Pick 3 Villains
ddd62291
Trending Topics
Marvel
Kpop
NBA
Crossword
Disney
Harry Potter
Anime
WWE
Puzzle
Song
Country
NFL
The Office
Soccer
Pokémon
Your Account Isn't Verified!
In order to create a playlist on Sporcle, you need to verify the email address you used during registration. Go to your
Sporcle Settings
to finish the process.
Report this User
Report this user for behavior that violates our
Community Guidelines
.
Details:
Send Report
Go to the Sporcle.com Mobile Site →
Comments